Il messaggio di Amoris Laetitia (Record n. 357943)
[ formato base ]
| 000 -LEADER | |
|---|---|
| campo di controllo lung. fissa | 01657nam a22002057a 4500 |
| 003 - Identificatore del numero di controllo | |
| campo di controllo | IT-MiCISF |
| 005 - Data e orario dell'ultima transazione | |
| campo di controllo | 20180709110301.0 |
| 008 - Elementi di lunghezza fissa--Informazione generale | |
| campo di controllo lung. fissa | 180709b ||||| |||| 00| 0 eng d |
| 040 ## - Fonte della catalogazione | |
| Agenzia che fa la trascrizione | IT-MiCISF |
| 041 ## - Codice di lingua | |
| Codice di lingua del testo/traccia sonora o titolo separato | it |
| 100 ## - Accesso principale -- nome di persona | |
| Nome di persona | Kasper Walter |
| 9 (RLIN) | 57297 |
| 245 ## - Formulazione del titolo | |
| Titolo | Il messaggio di Amoris Laetitia |
| Complemento del titolo | Una discussione fraterna |
| 260 ## - Pubblicazione, distribuzione, ecc. (stampa) | |
| Luogo di pubblicazione, distribuzione, ecc. | Brescia |
| Nome dell'editore, distributore, ecc. | Queriniana |
| Data di pubblicazione, distribuzione, ecc. | 2018 |
| 300 ## - Descrizione fisica | |
| Estensione | pp. 74 |
| 500 ## - Nota generale | |
| Nota generale | chiesa, famiglia, matrimonio, pastorale-familiare, pastorale-situazioni-difficili, spiritualità-familiare |
| 520 ## - Riassunto, ecc. | |
| Nota di riassunto, ecc. | Negli ultimi decenni, non c'è documento papale che sia stato tanto atteso, prima, e tanto serratamente discusso, poi, come Amoris Laetitia: se n'è fatto un pomo della discordia. Prendendo atto di questo bizzarro "primato", il cardinal Kasper riporta l'attenzione dei lettori sul cuore pulsante dell'esortazione apostolica: indicare come e in che cosa la chiesa, dato l'attuale contesto, può contribuire positivamente alla riuscita dell'amore in famiglia e nel matrimonio.<br/>Lungi da qualsiasi intenzione polemica, il porporato tedesco si impegna a dimostrare che papa Francesco non propugna alcuna dottrina "nuova". Amoris Laetitia si colloca in perfetta continuità con la tradizione autentica della chiesa, non da ultimo con Tommaso d'Aquino, il Vaticano II e il magistero degli ultimi pontefici. E, in maniera del tutto conseguente, Amoris Laetitia sviluppa per l'oggi un patrimonio tradizionale e al tempo stesso attuale, segnando un progresso nella comprensione della verità - quella verità che è stata rivelata una volta per sempre.<br/> |
| 650 ## - Accesso aggiunto di soggetto--termine topico | |
| Termine topico o nome geografico come accesso | pastorale-familiare |
| 9 (RLIN) | 56039 |
| 654 ## - Accesso aggiunto di soggetto--termini topici faccettati | |
| Termine principale | saggio |
| 942 ## - Dati aggiuntivi (Koha) | |
| Fonte della classificazione o dello schema di collocazione (segnatura) | Dewey Decimal Classification |
| Tipo copia default (Koha) | LIBRO |
| Ritirato (status) | Perso (status) | Fonte della classificazione o dello schema di collocazione (segnatura) | Danneggiato (status) | Non per il presito | Biblioteca proprietaria | Biblioteca in cui si trova | Data d'acquisizione | Totale prestiti | Collocazione | Codice a barre | Data ultima operazione | Prezzo in vigore dal | Tipo copia default (Koha) |
|---|---|---|---|---|---|---|---|---|---|---|---|---|---|
| Dewey Decimal Classification | Buone Condizioni | Not For Loan | CISF - Milano | CISF - Milano | 09/07/2018 | a2266 | 9788839934062 | 09/07/2018 | 09/07/2018 | LIBRO |